000
00259nam a2200109Ia 4500
008
200302s9999 xx 000 0 und d
100
_a
George Bickham
245
_a
The Universal Penman
260
_b
Dover Publications Inc.
260
_c
1968
300
_a
212 P.,
999
_c
232
_d
232